Most Spoken Languages in Ireland - Statistics

General Stats
  • This quiz has been taken 93 times
  • The average score is 7 of 10
Answer Stats
Percentage Language % Correct
17.09% Irish Gaelic
99%
97.51% English
96%
10.63% French
95%
3.56% Spanish
88%
3.34% German
87%
3.04% Polish
84%
0.62% Italian
77%
0.71% Arabic
58%
0.46% Lithuanian
30%
0.42% Latvian
22%
No matching quizzes found
Score Distribution
Percent of People with Each Score
Percentile by Number Answered
Your Score History
You have not taken this quiz